<?xml version="1.0" encoding="UTF-8"?>
<collection xmlns="http://www.loc.gov/MARC21/slim">
 <record>
  <leader>06576nam a2200373 a 4500</leader>
  <controlfield tag="001">kal2409</controlfield>
  <controlfield tag="003">Gr-AtHEAL</controlfield>
  <controlfield tag="005">20160421085312.0</controlfield>
  <controlfield tag="006">m        d        </controlfield>
  <controlfield tag="008">160413s2015    gr      s           gre|c</controlfield>
  <datafield tag="020" ind1=" " ind2=" ">
   <subfield code="a">9789606031496</subfield>
  </datafield>
  <datafield tag="040" ind1=" " ind2=" ">
   <subfield code="a">GR-AtHEAL</subfield>
   <subfield code="b">gre</subfield>
   <subfield code="c">GR-AtHEAL</subfield>
  </datafield>
  <datafield tag="082" ind1="0" ind2="4">
   <subfield code="a">478.2</subfield>
   <subfield code="2">23</subfield>
  </datafield>
  <datafield tag="100" ind1="1" ind2=" ">
   <subfield code="a">Φυντίκογλου, Βασίλειος.</subfield>
   <subfield code="8">1364</subfield>
  </datafield>
  <datafield tag="245" ind1="1" ind2="0">
   <subfield code="a">Lingua latina</subfield>
   <subfield code="h">[Ηλεκτρονικός πόρος] </subfield>
   <subfield code="b">Θέματα Λατινικής Γλώσσας και Ρωμαϊκού Πολιτισμού. Ανθολόγιο Κειμένων για την Ύστερη Respublica</subfield>
   <subfield code="c">Φυντίκογλου, Βασίλειος ; Τσίτσιου, Χρυσάνθη ; Κριτικός αναγνώστης,Μιχαλόπουλος, Ανδρέας ; Τεχνική επιμέλεια,Μήτζιας, Ιωάννης ; Γλωσσική επιμέλεια,Παππάς, Βασίλειος.</subfield>
  </datafield>
  <datafield tag="260" ind1=" " ind2=" ">
   <subfield code="a">Αθήνα :</subfield>
   <subfield code="b">Σύνδεσμος Ελληνικών Ακαδημαϊκών Βιβλιοθηκών,</subfield>
   <subfield code="c">c2015.</subfield>
  </datafield>
  <datafield tag="490" ind1=" " ind2=" ">
   <subfield code="a">Ακαδημαϊκά Ηλεκτρονικά Συγγράμματα και Βοηθήματα Κάλλιπος</subfield>
   <subfield code="8">40</subfield>
  </datafield>
  <datafield tag="520" ind1=" " ind2=" ">
   <subfield code="a">Το εγχειρίδιο “Lingua Latina. Θέματα λατινικής γλώσσας και ρωμαϊκού πολιτισμού. Ανθολόγιο κειμένων για την ύστερη respublica” πρόκειται να λειτουργήσει ως το βασικό ακαδημαϊκό σύγγραμμα για μαθήματα του Τμήματος Φιλολογίας του Α.Π.Θ. με αντικείμενο τη διδασκαλία της λατινικής γλώσσας, πιθανώς και για αντίστοιχα μαθήματα άλλων Τμημάτων ανά τη χώρα. Με βάση ένα ανθολόγιο αυθεντικών κειμένων κυρίως της κλασικής λατινικής γραμματείας θα αναπτύσσονται θέματα γραμματικής, σύνταξης και μετάφρασης των λατινικών τα οποία από την πολυετή πείρα μας θεωρούμε σημαντικά για την κατανόηση της δομής της λατινικής γλώσσας και των ιδιαιτεροτήτων της. Ξεχωριστή έμφαση θα δοθεί σε πτυχές αυτών των θεμάτων που αναπτύσσονται ανεπαρκώς (ή και καθόλου) στα διαδεδομένα στη χώρα μας έγκυρα εγχειρίδια της γραμματικής και της σύνταξης των λατινικών. Η διδασκαλία θα βασίζεται κατ’ αρχάς σε μία σειρά από κείμενα που όλα τους αφορούν την ιδιαίτερα κρίσιμη περίοδο του τέλους της ρωμαϊκής respublica (τελευταίος προχριστιανικός αιώνας έως το 31 π.Χ.). Το εγχειρίδιο θα συμβάλλει έτσι και στην ελλιπή ρωμαιογνωσία των φοιτητών/ητριών με κρίσιμες πληροφορίες ιστορίας και πολιτισμού. Πριν από κάθε κείμενο θα προτάσσεται ένα σύντομο εισαγωγικό σημείωμα που θα παρέχει τις απαραίτητες ιστορικές και γραμματολογικές πληροφορίες για την κατανόηση του κειμένου και των συμφραζομένων του. Κάθε κείμενο θα συνοδεύουν λεξιλογικές και πραγματολογικές παρατηρήσεις, μετάφραση και υπομνηματισμός της μετάφρασης, ασκήσεις γραμματικής, θεωρία συντακτικού, ασκήσεις αντιστρόφου θέματος (μετάφρασης από τα ελληνικά στα λατινικά) και κείμενο για περαιτέρω εξάσκηση. Το εγχειρίδιο θα περιλαμβάνει επίσης μια εισαγωγή και γενική βιβλιογραφία, ενώ θα εμπλουτίζεται με εικόνες (εικαστικές αναπαραστάσεις, χάρτες), πίνακες (χρονολογικούς κ.ά.) και αρχεία ήχου. Το μεγαλύτερο μέρος αυτού του υλικού θα αξιοποιείται διαδραστικά, ώστε η εκάστοτε πληροφορία να είναι άμεσα διαθέσιμη στο σημείο όπου τη χρειάζεται ο αναγνώστης/χρήστης.</subfield>
  </datafield>
  <datafield tag="653" ind1=" " ind2=" ">
   <subfield code="a">Ύστερη δημοκρατική περίοδος</subfield>
  </datafield>
  <datafield tag="653" ind1=" " ind2=" ">
   <subfield code="a">Ρωμαϊκός πολιτισμός</subfield>
  </datafield>
  <datafield tag="653" ind1=" " ind2=" ">
   <subfield code="a">Ρωμαϊκή ιστορία</subfield>
  </datafield>
  <datafield tag="653" ind1=" " ind2=" ">
   <subfield code="a">Λατινική γλώσσα-γραμματική σύνταξη-λεξιλόγιο-επεξεργασία κειμένου-μετάφραση</subfield>
  </datafield>
  <datafield tag="653" ind1=" " ind2=" ">
   <subfield code="a">Τέχνες και γράμματα</subfield>
   <subfield code="a">Φιλολογία</subfield>
   <subfield code="a">Εθνικές λογοτεχνίες</subfield>
   <subfield code="a">Ευρωπαϊκή λογοτεχνία</subfield>
   <subfield code="a">Λατινική λογοτεχνία</subfield>
  </datafield>
  <datafield tag="653" ind1=" " ind2=" ">
   <subfield code="a">Γλωσσολογία</subfield>
   <subfield code="a">Πεδία γλωσσολογίας</subfield>
   <subfield code="a">Εφαρμοσμένη γλωσσολογία</subfield>
   <subfield code="a">Διδασκαλία της γλώσσας</subfield>
   <subfield code="a">Διδασκαλία της ξένης γλώσσας</subfield>
  </datafield>
  <datafield tag="653" ind1=" " ind2=" ">
   <subfield code="a">Ιστορία</subfield>
   <subfield code="a">Αρχαιολογία</subfield>
   <subfield code="a">Ρωμαϊκή αρχαιολογία</subfield>
  </datafield>
  <datafield tag="653" ind1=" " ind2=" ">
   <subfield code="a">Ιστορία</subfield>
   <subfield code="a">Γενική ιστορία, θεωρία</subfield>
   <subfield code="a">Ρωμαϊκή ιστορία (μέχρι την εποχή του Αυγούστου)</subfield>
  </datafield>
  <datafield tag="653" ind1=" " ind2=" ">
   <subfield code="a">Τέχνες και γράμματα</subfield>
   <subfield code="a">Φιλολογία</subfield>
   <subfield code="a">Κλασική φιλολογία</subfield>
   <subfield code="a">Λατινική φιλολογία</subfield>
  </datafield>
  <datafield tag="700" ind1="1" ind2=" ">
   <subfield code="a">Τσίτσιου, Χρυσάνθη</subfield>
   <subfield code="e">Συγγραφέας</subfield>
   <subfield code="8">1365</subfield>
  </datafield>
  <datafield tag="700" ind1="1" ind2=" ">
   <subfield code="a">Μιχαλόπουλος, Ανδρέας</subfield>
   <subfield code="e">Κριτικός αναγνώστης</subfield>
   <subfield code="8">1366</subfield>
  </datafield>
  <datafield tag="856" ind1="4" ind2="0">
   <subfield code="u">http://hdl.handle.net/11419/2409</subfield>
   <subfield code="z">Πλήρες Κείμενο - Full text</subfield>
  </datafield>
  <datafield tag="907" ind1=" " ind2=" ">
   <subfield code="a">.b25677299</subfield>
   <subfield code="b">12-06-18</subfield>
   <subfield code="c">29-07-16</subfield>
  </datafield>
  <datafield tag="949" ind1=" " ind2=" ">
   <subfield code="0">0</subfield>
   <subfield code="1">0</subfield>
   <subfield code="2">ddc</subfield>
   <subfield code="4">0</subfield>
   <subfield code="6">478_200000000000000_ΦΥΝ</subfield>
   <subfield code="7">0</subfield>
   <subfield code="8">KALL</subfield>
   <subfield code="8">487</subfield>
   <subfield code="d">2016-04-13</subfield>
   <subfield code="r">2016-04-13</subfield>
   <subfield code="w">2016-04-13</subfield>
   <subfield code="z">478.2 ΦΥΝ</subfield>
   <subfield code="o">SEAB KALLIPOS</subfield>
  </datafield>
  <datafield tag="998" ind1=" " ind2=" ">
   <subfield code="a">80</subfield>
   <subfield code="a">01</subfield>
   <subfield code="a">02</subfield>
   <subfield code="a">03</subfield>
   <subfield code="a">04</subfield>
   <subfield code="a">05</subfield>
   <subfield code="a">06</subfield>
   <subfield code="a">07</subfield>
   <subfield code="a">08</subfield>
   <subfield code="a">09</subfield>
   <subfield code="a">10</subfield>
   <subfield code="a">11</subfield>
   <subfield code="a">12</subfield>
   <subfield code="a">13</subfield>
   <subfield code="a">14</subfield>
   <subfield code="a">15</subfield>
   <subfield code="a">16</subfield>
   <subfield code="a">17</subfield>
   <subfield code="a">18</subfield>
   <subfield code="a">19</subfield>
   <subfield code="a">20</subfield>
   <subfield code="a">21</subfield>
   <subfield code="a">22</subfield>
   <subfield code="a">23</subfield>
   <subfield code="a">24</subfield>
   <subfield code="a">25</subfield>
   <subfield code="a">26</subfield>
   <subfield code="b">15-08-09</subfield>
   <subfield code="c">m</subfield>
   <subfield code="d">z  </subfield>
   <subfield code="e">-</subfield>
   <subfield code="f">gre</subfield>
   <subfield code="g">gr </subfield>
   <subfield code="h">0</subfield>
  </datafield>
  <datafield tag="942" ind1=" " ind2=" ">
   <subfield code="2">ddc</subfield>
   <subfield code="c">KALLIPOS</subfield>
  </datafield>
 </record>
</collection>
